| 000 | 00496nam a22001697a 4500 | ||
|---|---|---|---|
| 020 | _a9781975140984 | ||
| 082 |
_a614.4 _bFLE |
||
| 100 |
_aFletcher, Grant S. _9113440 |
||
| 245 |
_aClinical Epidemiology : _bThe Essentials / _cGrant S. Fletcher |
||
| 250 | _aInternational Edition. | ||
| 260 |
_aPhiladelphia : _bWolters Kluwer, _c2021. |
||
| 300 |
_a274 p. ; _bill, _c25 cm. |
||
| 563 | _aPBK. | ||
| 650 |
_aClinical epidemiology _9113441 |
||
| 650 |
_aEpidemiology _9113442 |
||
| 942 |
_2ddc _cBK |
||
| 999 |
_c595136 _d595136 |
||